000 00825nam a2200253Ia 4500
003 OSt
005 20221005083727.0
006 a|||||r|||| 00| 0
007 ta
008 221004b |||||||| |||| 00| 0 eng d
020 _a9789387153530 (hbk)
_cINR 995.00
024 _a44778
037 _b5744, 23/01/2019, Sanchit Book Service
_cTextual
040 _aCRL
_cCRL
_beng
041 _2eng
_aeng
082 _aV2:1.N5, Q8
100 _aKaul Chandrika Au.
_9612793
245 0 _aReporting the raj
_b the british press and India c. 1880-1922
260 _aNew Delhi
_bViva Books India
_c2018
300 _axvii,302p.
_ccm.
650 _aINDIA - HISTORY - BRITISH PERIOD
_9181506
942 _hV2:1.N5, Q8
_cTEXL
_2cc
999 _c991457
_d991457